Регионална библиотека "Любен Каравелов" - Русе

La litterature Allemande fait a la Sorbonne (Запис номер 344466)

MARC детайли
000 -Лидер
Контролно поле с фиксирана дължина 01207nam a2200313 c 4500
003 - Код на организацията, давaща контролен номер
Контролно поле BLK
005 - Дата и час на последна редакция
Контролно поле 20190930154414.0
008 - Елементи от данни с фиксирана дължина
fixed length control field 180911b bul|||||r ||||||| ||bul||
010 ## - Наследен системен номер
LC control number 004131
040 ## - Източник на каталожния запис
Идентификатор на билиотеката - собственик на записа BLK
041 ## - Код за език
Код за езика на текст/звукозапис или на отделно заглавие Френски
Код за езика КДБФ Български
080 ## - УДК
УДК - код + определител 830.09
100 1# - Редна дума - Автор
Автор BOSSERT, A.
Авторска отговорност първи автор
R(LIN) 5798
245 00 - Сведения за заглавието
Заглавие La litterature Allemande fait a la Sorbonne
Том Vol. 1
Заглавие на том La litterature Allemande au moyen-age et les origines de l'epopee Germanique
260 ## - Област на издателските данни
Място на издаване, разпространение и проч. Paris
Име на издателя, разпространителя и проч. Hachette et Cie
Година на издаване 1870
Дата на отпечатване 1870
300 ## - Физическа характеристика
Размери/Мащаб 23 см
380 ## - Жанр
Жанр Литературознание
490 ## - СЕРИИ (Колекции)
Име на серия Cours de litterature Allemande
490 ## - СЕРИИ (Колекции)
Име на серия Fait a la Sorbonne
490 ## - СЕРИИ (Колекции)
Име на серия Частна колекция - Академик Михаил Арнаудов
Бележки за серията Дарение - Основен фонд
500 ## - Общи забележки
Забележка Михаил Арнаудов: негови-книга. - Бележка за наличността на другите томове в Нар. библиотека
655 ## - Ключова дума – жанр/разновидност
Данни за жанр/разновидност или ключова дума за фокус Литературознание
760 ## - Описание на основната серия
Страници - том 382 с.
Част - том Vol. 1
Заглавие La litterature Allemande au moyen-age et les origines de l'epopee Germanique
852 ## - Местоположение
Форматна сигнатура МА 668
Фондова буква Фонд "Михаил Арнаудов"
999 ## - СИСТЕМНИ КОНТРОЛНИ НОМЕРА
Koha biblionumber 344466
Koha biblioitemnumber 344466
942 ## - АРТИКУЛИ
Вид на библиотечния материал Книги
Скрит в OPAC Не
Периодичен библиозапис Да
944 ## - СЪЗДАВАНЕ И РЕДАКЦИЯ на ЗАПИСА
Създаване/Редакция Създаване
Дата на регистрацията/редакция 1995
Служител, извършил регистрацията/редакцията ValK
999 ## - СИСТЕМНИ КОНТРОЛНИ НОМЕРА
Koha biblioitemnumber 344466
999 ## - СИСТЕМНИ КОНТРОЛНИ НОМЕРА
Koha biblioitemnumber 344466
Наличности
Код за отписване Код за изгубен артикул Източник на класификационната схема Код за повреда Коз за рестрикции Код за отдаване Артикулен № Име на библиотеката - собственик Име на библиотеката, в която се намира в момента Статус (Текущо местоположение) Местоположение - отдел Цена в лева Номерация (Хронология) Инвентарен номер Систематично азбучна сигнатура Баркод Номер на екземпляра Цена в евро Служебен тип на артикула
  Не е изгубен Universal Decimal Classification Не е повреден без рестрикции Специални фондове ( старопечатни, редки и ценни, фонд М. Арнаудов) 744879 Регионална библиотека "Любен Каравелов" Русе Регионална библиотека "Любен Каравелов" Русе Фонд "Михаил Арнаудов" Фонд "Михаил Арнаудов" 35.00   587788 МА 668 120000587788 1 17.90 Книги
Vip Innovations Ltd, Rousse, Bulgaria 2025